GETS Theological Seminary Library

壬癸避难日志; 辛卯年日记 (Record no. 35162)

MARC details
000 -LEADER
fixed length control field 00729nam a2200217Ia 4500
008 - FIXED-LENGTH DATA ELEMENTS--GENERAL INFORMATION
fixed length control field 201221s9999||||xx |||||||||||||| ||und||
020 ## - INTERNATIONAL STANDARD BOOK NUMBER
International Standard Book Number 7550624151
020 ## - INTERNATIONAL STANDARD BOOK NUMBER
International Standard Book Number 9787550624153
041 ## - LANGUAGE CODE
Language code of text/sound track or separate title chi
050 ## - LIBRARY OF CONGRESS CALL NUMBER
Classification number DS759.35
Item number .T369 2016
100 ## - MAIN ENTRY--PERSONAL NAME
Personal name 陶兆麒
245 #0 - TITLE STATEMENT
Title 壬癸避难日志; 辛卯年日记
Remainder of title /
Statement of responsibility, etc. 陶兆麒著; 张霞整理
246 ## - VARYING FORM OF TITLE
Title proper/short title 壬癸避難日誌; 辛卯年日記
260 ## - PUBLICATION, DISTRIBUTION, ETC.
Place of publication, distribution, etc. 南京市 :
Name of publisher, distributor, etc. 凤凰出版社,
Date of publication, distribution, etc. 2016
300 ## - PHYSICAL DESCRIPTION
Extent 4, 2, 178 p. :
Other physical details col. ill. ;
Dimensions 21 cm.
490 ## - SERIES STATEMENT
Series statement 中国近现代稀见史料丛刊
650 ## - SUBJECT ADDED ENTRY--TOPICAL TERM
Topical term or geographic name entry element China History Taiping Rebellion, 1850-1864 Personal narratives.
650 ## - SUBJECT ADDED ENTRY--TOPICAL TERM
Topical term or geographic name entry element Personal narratives.
650 ## - SUBJECT ADDED ENTRY--TOPICAL TERM
Topical term or geographic name entry element Taiping Rebellion (China : 1850-1864)
Holdings
Withdrawn status Lost status Damaged status Not for loan Home library Current library Shelving location Date acquired Total Checkouts Full call number Barcode Date last seen Price effective from Koha item type
        GETS Theological Seminary Library GETS Theological Seminary Library General Stacks 12/21/2020   DS759.35 .T369 2016 00022938 12/21/2020 12/21/2020 Chinese Book
OpacCredits

Contact the Librarian, GETS Library
Email: library@mygets.org









Implemented by GETS Library
(Powered by ETCA Professional Group)
GETS Theological Seminary
412 E. Rowland Street, CA 91723